[Event "SRB-ch Semifinal 2022"]
[Site "Paracin"]
[Date "2022.03.19"]
[Round "4.8"]
[White "Gajcin, Marina"]
[Black "Todorovic, Nenad I"]
[Result "1/2-1/2"]
[WhiteElo "2254"]
[BlackElo "2311"]
[Annotator "NA"]
[PlyCount "64"]
[EventDate "2022.03.17"]
[EventType "swiss"]
[EventCountry "SRB"]
[SourceTitle "playchess.com"]
[Source "ChessBase"]
[SourceQuality "1"]
[TimeControl "40/5400+30:1800+30"]

1. e4 {[%emt 0:00:06]} c5 {[%emt 0:01:30]} 2. Nf3 {[%emt 0:00:06]} d6 {[%emt 0:00:05]} 3. d4 {[%emt 0:00:23]} cxd4 {[%emt 0:00:07]} 4. Nxd4 {[%emt 0:00:05]} Nf6 {[%emt 0:00:04]} 5. Nc3 $14 {[%emt 0:00:11]} a6 {[%emt 0:00:04]} 6. Bg5 {[%emt 0:00:14]} e6 {[%emt 0:00:07]} 7. f4 {[%emt 0:00:28]} h6 {[%emt 0:00:08]} 8. Bh4 {[%emt 0:00:14]} Be7 {[%emt 0:00:14]} 9. Qf3 {[%emt 0:00:25]} Nc6 {[%emt 0:00:25]} 10. O-O-O {[%emt 0:08:10]} Nxd4 {[%emt 0:00:30]} 11. Rxd4 {[%emt 0:00:06]} Qb6 {[%emt 0:00:06]} 12. Rd1 {[%emt 0:04:53]} Qc5 {[%emt 0:00:58]} 13. Bf2 {[%emt 0:13:29]} Qa5 {[%emt 0:01:21]} 14. Kb1 {[%emt 0:06:44]} Bd7 {[%emt 0:07:07]} 15. Bd3 {[%emt 0:12:27]} Bc6 {[%emt 0:00:40]} 16. Qh3 {[%emt 0:06:18]} b5 {[%emt 0:36:37]} 17. e5 {[%emt 0:19:48]} dxe5 {[%emt 0:03:05]} 18. fxe5 {[%emt 0:00:15]} Nd5 {[%emt 0:00:39]} 19. Nxd5 {[%emt 0:01:07]} Bxd5 {[%emt 0:05:33]} 20. b3 {[%emt 0:00:30]} Bb4 {[%emt 0:01:14]} 21. Bd4 {[%emt 0:05:33]} Rc8 {[%emt 0:02:29]} 22. Rhf1 {[%emt 0:02:41]} Bc3 {[%emt 0:03:35]} 23. Bxc3 {[%emt 0:02:59]} Qxc3 {[%emt 0:35:22]} 24. Qh5 {[%emt 0:01:34]} O-O {[%emt 0:00:00]} 25. Rf4 {[%emt 0:07:12]} a5 {[%emt 0:00:00]} 26. Rg4 {[%emt 0:01:10]} f5 {[%emt 0:00:00]} 27. exf6 {[%emt 0:03:07]} Rxf6 {[%emt 0:00:00]} 28. Rg3 {[%emt 0:01:03]} Qc5 {[%emt 0:00:00]} 29. Qg4 {[%emt 0:00:45]} Rc7 {[%emt 0:00:00]} 30. Qh5 {[%emt 0:01:11]} Rc8 {[%emt 0:00:00]} 31. Qg4 {[%emt 0:00:05]} Rc7 {[%emt 0:00:00]} 32. Qh5 {[%emt 0:00:05]} Rc8 {[%emt 0:04:30]} 1/2-1/2

[Event "SRB-ch Semifinal 2022"]
[Site "Paracin"]
[Date "2022.03.19"]
[Round "4.9"]
[White "Djokic, Mihailo"]
[Black "Ivanovic, Marko"]
[Result "1/2-1/2"]
[WhiteElo "2279"]
[BlackElo "2302"]
[Annotator "NA"]
[PlyCount "83"]
[EventDate "2022.03.17"]
[EventType "swiss"]
[EventCountry "SRB"]
[SourceTitle "playchess.com"]
[Source "ChessBase"]
[SourceQuality "1"]
[TimeControl "40/5400+30:1800+30"]

1. e4 {[%emt 0:00:02]} c6 {[%emt 0:03:56]} 2. d4 {[%emt 0:01:12]} d5 {[%emt 0:00:10]} 3. e5 {[%emt 0:00:15]} c5 {[%emt 0:00:18]} 4. dxc5 {[%emt 0:00:05]} e6 {[%emt 0:00:06]} 5. Bd3 {[%emt 0:00:15]} Bxc5 {[%emt 0:00:11]} 6. Nf3 {[%emt 0:00:07]} Nc6 {[%emt 0:02:23]} 7. O-O {[%emt 0:00:56]} f6 {[%emt 0:00:10]} 8. Qe2 {[%emt 0:05:40]} fxe5 {[%emt 0:00:26]} 9. Nxe5 {[%emt 0:00:08]} Nxe5 {[%emt 0:00:04]} 10. Qxe5 {[%emt 0:00:04]} Nf6 {[%emt 0:00:07]} 11. Nd2 {[%emt 0:14:57]} O-O {[%emt 0:00:31]} 12. Nf3 {[%emt 0:01:04]} Qb6 {[%emt 0:39:04]} 13. Be3 {[%emt 0:12:45]} Bxe3 {[%emt 0:08:34]} 14. fxe3 {[%emt 0:00:45]} Bd7 {[%emt 0:05:41]} 15. Qd4 {[%emt 0:01:01]} Qc7 {[%emt 0:17:30]} 16. Ne5 {[%emt 0:03:23]} a6 {[%emt 0:00:19]} 17. a4 {[%emt 0:05:24]} Bc6 {[%emt 0:05:40]} 18. Rf3 {[%emt 0:07:43]} Nd7 {[%emt 0:07:24]} 19. Nxd7 {[%emt 0:22:41]} Rxf3 {[%emt 0:00:05]} 20. gxf3 {[%emt 0:04:08]} Qxd7 {[%emt 0:00:08]} 21. b3 {[%emt 0:02:10]} Qd6 {[%emt 0:07:24]} 22. f4 {[%emt 0:00:43]} Re8 {[%emt 0:00:20]} 23. Rf1 {[%emt 0:05:37]} e5 {[%emt 0:00:17]} 24. fxe5 {[%emt 0:00:06]} Rxe5 {[%emt 0:01:03]} 25. Rf2 {[%emt 0:01:43]} Qe7 {[%emt 0:00:15]} 26. Rf3 {[%emt 0:03:02]} h5 {[%emt 0:00:14]} 27. h4 {[%emt 0:01:46]} Bd7 {[%emt 0:00:16]} 28. Qa7 {[%emt 0:00:56]} Bg4 {[%emt 0:01:20]} 29. Rf2 {[%emt 0:03:24]} Qe8 {[%emt 0:00:33]} 30. Qxb7 {[%emt 0:00:17]} Rxe3 {[%emt 0:00:21]} 31. Qxd5+ {[%emt 0:00:09]} Be6 {[%emt 0:00:03]} 32. Qg5 {[%emt 0:00:44]} Bxb3 {[%emt 0:00:30]} 33. Bg6 {[%emt 0:00:58]} Re1+ {[%emt 0:00:04]} 34. Rf1 {[%emt 0:01:08]} Rxf1+ {[%emt 0:00:09]} 35. Kxf1 {[%emt 0:00:01]} Bf7 {[%emt 0:00:05]} 36. Qd5 {[%emt 0:00:47]} Bxd5 {[%emt 0:02:02]} 37. Bxe8 {[%emt 0:00:06]} a5 {[%emt 0:00:34]} 38. c3 {[%emt 0:00:34]} Kf8 {[%emt 0:00:31]} 39. Bxh5 {[%emt 0:00:07]} Bb3 {[%emt 0:00:03]} 40. Ke2 {[%emt 0:00:34]} Bxa4 {[%emt 0:00:04]} 41. Kd3 {[%emt 0:30:33]} Ke7 {[%emt 0:30:12]} 42. Ke4 {[%emt 0:03:30]} 1/2-1/2

[Event "SRB-ch Semifinal 2022"]
[Site "Paracin"]
[Date "2022.03.19"]
[Round "4.10"]
[White "Mijatovic, Dusan"]
[Black "Kojovic, Dragan"]
[Result "1/2-1/2"]
[WhiteElo "2165"]
[BlackElo "2298"]
[Annotator "NA"]
[PlyCount "80"]
[EventDate "2022.03.17"]
[EventType "swiss"]
[EventCountry "SRB"]
[SourceTitle "playchess.com"]
[Source "ChessBase"]
[SourceQuality "1"]
[TimeControl "40/5400+30:1800+30"]

1. e4 {[%emt 0:00:04]} c6 {[%emt 0:00:18]} 2. Nf3 {[%emt 0:00:27]} d5 {[%emt 0:00:10]} 3. Nc3 {[%emt 0:00:21]} dxe4 {[%emt 0:01:06]} 4. Nxe4 {[%emt 0:00:02]} Nf6 {[%emt 0:00:09]} 5. Qe2 {[%emt 0:00:10]} Nxe4 {[%emt 0:02:15]} 6. Qxe4 {[%emt 0:00:21]} Qa5 {[%emt 0:00:10]} 7. Qf4 {[%emt 0:01:43]} Qf5 {[%emt 1:29:52]} 8. Qe3 {[%emt 1:31:22]} Qe6 {[%emt 0:00:30]} 9. b3 {[%emt 0:00:00]} Qxe3+ {[%emt 0:00:00]} 10. fxe3 {[%emt 0:00:00]} Bf5 {[%emt 0:00:00]} 11. Bb2 {[%emt 0:00:00]} e6 {[%emt 0:00:00]} 12. O-O-O {[%emt 0:02:00]} a5 {[%emt 0:02:00]} 13. a3 {[%emt 0:00:00]} Nd7 {[%emt 0:00:30]} 14. Be2 {[%emt 0:00:00]} h6 {[%emt 0:00:00]} 15. Rhf1 {[%emt 0:00:00]} Be7 {[%emt 0:00:00]} 16. d4 {[%emt 0:02:00]} O-O {[%emt 0:00:00]} 17. Rfe1 {[%emt 0:00:00]} Rfc8 {[%emt 0:02:00]} 18. Bf1 {[%emt 0:00:00]} Nf6 {[%emt 0:00:00]} 19. Nd2 {[%emt 0:00:00]} c5 {[%emt 0:00:00]} 20. e4 {[%emt 0:02:00]} Bg4 {[%emt 0:00:00]} 21. Be2 {[%emt 0:00:00]} cxd4 {[%emt 0:00:00]} 22. Nc4 {[%emt 0:00:00]} Ra6 {[%emt 0:00:00]} 23. Rxd4 {[%emt 0:00:00]} Bc5 {[%emt 0:00:00]} 24. Rdd1 {[%emt 0:00:00]} Bxe2 {[%emt 0:00:00]} 25. Rxe2 {[%emt 0:00:00]} a4 {[%emt 0:04:00]} 26. Rd3 {[%emt 0:03:00]} axb3 {[%emt 0:00:00]} 27. Rxb3 {[%emt 0:00:30]} Bg1 {[%emt 0:01:00]} 28. Ne5 {[%emt 0:00:00]} Bxh2 {[%emt 0:00:30]} 29. Rxb7 {[%emt 0:00:00]} Bf4+ {[%emt 0:00:00]} 30. Kb1 {[%emt 0:00:00]} Bxe5 {[%emt 0:00:00]} 31. Bxe5 {[%emt 0:02:00]} Rxa3 {[%emt 0:01:30]} 32. Bxf6 {[%emt 0:00:00]} gxf6 {[%emt 0:00:00]} 33. Rf2 {[%emt 0:01:00]} Kg7 {[%emt 0:01:00]} 34. e5 {[%emt 0:00:30]} f5 {[%emt 0:00:30]} 35. g4 {[%emt 0:00:30]} fxg4 {[%emt 0:00:00]} 36. Rfxf7+ {[%emt 0:00:30]} Kg6 {[%emt 0:00:00]} 37. Rf6+ {[%emt 0:00:00]} Kg5 {[%emt 0:00:00]} 38. Rg7+ {[%emt 0:00:00]} Kh4 {[%emt 0:02:00]} 39. Rxh6+ {[%emt 0:00:01]} Kg3 {[%emt 0:00:30]} 40. Rxe6 {[%emt 0:01:59]} Re3 {[%emt 0:00:30]} 1/2-1/2

[Event "SRB-ch Semifinal 2022"]
[Site "Paracin"]
[Date "2022.03.19"]
[Round "4.11"]
[White "Manakova, Maria"]
[Black "Srdanovic, Jovana"]
[Result "1-0"]
[WhiteElo "2257"]
[BlackElo "2194"]
[Annotator "NA"]
[PlyCount "111"]
[EventDate "2022.03.17"]
[EventType "swiss"]
[EventCountry "SRB"]
[SourceTitle "playchess.com"]
[Source "ChessBase"]
[SourceQuality "1"]
[TimeControl "40/5400+30:1800+30"]

1. e4 {[%emt 0:00:05]} c5 {[%emt 0:01:16]} 2. Nf3 {[%emt 0:00:10]} d6 {[%emt 0:00:06]} 3. d4 {[%emt 0:00:04]} cxd4 {[%emt 0:00:06]} 4. Nxd4 {[%emt 0:00:01]} Nf6 {[%emt 0:00:09]} 5. Nc3 {[%emt 0:00:04]} a6 {[%emt 0:00:13]} 6. Be2 {[%emt 0:00:10]} e5 {[%emt 0:02:00]} 7. Nb3 {[%emt 0:00:05]} h6 {[%emt 0:00:28]} 8. Be3 {[%emt 0:01:11]} Be7 {[%emt 0:00:32]} 9. Nd5 {[%emt 0:13:12]} Nxd5 {[%emt 0:17:15]} 10. Qxd5 {[%emt 0:00:21]} Nd7 {[%emt 0:02:35]} 11. c4 {[%emt 0:06:43]} Nf6 {[%emt 0:02:10]} 12. Qd3 {[%emt 0:00:12]} O-O {[%emt 0:00:38]} 13. O-O {[%emt 0:03:26]} b5 {[%emt 0:10:50]} 14. Rac1 {[%emt 0:30:37]} Be6 {[%emt 0:04:50]} 15. Nd2 {[%emt 0:01:54]} Qb8 {[%emt 0:05:53]} 16. b3 {[%emt 0:06:36]} Rd8 {[%emt 0:04:27]} 17. f4 {[%emt 0:04:56]} bxc4 {[%emt 0:11:40]} 18. Nxc4 {[%emt 0:03:32]} Bxc4 {[%emt 0:00:21]} 19. bxc4 {[%emt 0:05:36]} Qc7 {[%emt 0:03:39]} 20. Qc2 {[%emt 0:02:22]} Nd7 {[%emt 0:07:05]} 21. Kh1 {[%emt 0:03:17]} Bf6 {[%emt 0:06:08]} 22. Bh5 {[%emt 0:00:36]} exf4 {[%emt 0:01:46]} 23. Bxf4 {[%emt 0:00:36]} Rab8 {[%emt 0:06:02]} 24. Qd1 {[%emt 0:00:30]} Qc6 {[%emt 0:03:30]} 25. Qxd6 {[%emt 0:10:37]} Qxe4 {[%emt 0:05:12]} 26. Qd5 {[%emt 0:02:37]} Qxd5 {[%emt 0:00:24]} 27. cxd5 {[%emt 0:00:03]} Rb5 {[%emt 0:00:47]} 28. Bc7 {[%emt 0:00:54]} Rc8 {[%emt 0:00:39]} 29. Be2 {[%emt 0:00:56]} Rxd5 {[%emt 0:00:39]} 30. Bxa6 {[%emt 0:00:03]} Re8 {[%emt 0:00:04]} 31. a4 {[%emt 0:00:42]} Nc5 {[%emt 0:01:38]} 32. Bc4 {[%emt 0:00:49]} Rh5 {[%emt 0:02:10]} 33. a5 {[%emt 0:01:16]} Ne6 {[%emt 0:00:50]} 34. Be2 {[%emt 0:01:03]} Rd5 {[%emt 0:00:16]} 35. Bb6 {[%emt 0:00:19]} Rd2 {[%emt 0:00:35]} 36. Bb5 {[%emt 0:00:19]} Rb8 {[%emt 0:00:11]} 37. Bc4 {[%emt 0:01:10]} Bd4 {[%emt 0:00:56]} 38. Bxd4 {[%emt 0:01:11]} Rxd4 {[%emt 0:00:04]} 39. a6 {[%emt 0:00:21]} Ra8 {[%emt 0:00:07]} 40. h3 {[%emt 0:01:13]} Ra7 {[%emt 0:01:21]} 41. Kh2 {[%emt 0:09:34]} Ng5 {[%emt 0:18:03]} 42. Rf2 {[%emt 0:01:38]} Rxc4 {[%emt 0:10:44]} 43. Rxc4 {[%emt 0:00:12]} Rxa6 {[%emt 0:00:01]} 44. Rc8+ {[%emt 0:01:19]} Kh7 {[%emt 0:00:06]} 45. h4 {[%emt 0:00:23]} Ne4 {[%emt 0:00:07]} 46. Rf4 {[%emt 0:06:22]} Nf6 {[%emt 0:00:57]} 47. Rf8 {[%emt 0:09:10]} Kg6 {[%emt 0:00:32]} 48. g4 {[%emt 0:00:41]} Ra2+ {[%emt 0:02:46]} 49. Kg3 {[%emt 0:00:17]} Ra3+ {[%emt 0:00:19]} 50. Rf3 {[%emt 0:00:22]} Rxf3+ {[%emt 0:01:12]} 51. Kxf3 {[%emt 0:00:03]} h5 {[%emt 0:00:05]} 52. g5 {[%emt 0:00:49]} Nh7 {[%emt 0:00:55]} 53. Ra8 {[%emt 0:01:18]} f6 {[%emt 0:00:44]} 54. Kf4 {[%emt 0:00:19]} fxg5+ {[%emt 0:00:44]} 55. hxg5 {[%emt 0:00:05]} h4 {[%emt 0:00:33]} 56. Kg4 {[%emt 0:00:19]} 1-0

[Event "SRB-ch Semifinal 2022"]
[Site "Paracin"]
[Date "2022.03.19"]
[Round "4.13"]
[White "Petrovic, Marija"]
[Black "Drljevic, Ljilja"]
[Result "1-0"]
[WhiteElo "1987"]
[BlackElo "2217"]
[Annotator "NA"]
[PlyCount "87"]
[EventDate "2022.03.17"]
[EventType "swiss"]
[EventCountry "SRB"]
[SourceTitle "playchess.com"]
[Source "ChessBase"]
[SourceQuality "1"]
[TimeControl "40/5400+30:1800+30"]

1. d4 {[%emt 1:31:00]} g6 {[%emt 0:01:18]} 2. Bf4 {[%emt 0:00:00]} Bg7 {[%emt 0:00:10]} 3. c3 {[%emt 0:00:00]} d6 {[%emt 0:00:43]} 4. Nd2 {[%emt 0:00:00]} e5 {[%emt 0:04:20]} 5. dxe5 {[%emt 0:00:00]} dxe5 {[%emt 0:00:04]} 6. Bg3 {[%emt 0:00:00]} Qe7 {[%emt 0:13:20]} 7. e4 {[%emt 0:00:00]} Nh6 {[%emt 0:02:05]} 8. Bc4 {[%emt 0:00:00]} O-O {[%emt 0:01:49]} 9. Ngf3 {[%emt 0:00:00]} Kh8 {[%emt 0:03:09]} 10. Qe2 {[%emt 0:00:00]} Nd7 {[%emt 0:11:37]} 11. O-O {[%emt 0:00:00]} f5 {[%emt 0:07:27]} 12. Bh4 {[%emt 0:00:00]} Qe8 {[%emt 0:02:37]} 13. Ng5 {[%emt 0:00:00]} Nb6 {[%emt 0:03:34]} 14. Bb3 {[%emt 0:00:00]} f4 {[%emt 0:02:24]} 15. a4 {[%emt 0:00:00]} Bf6 {[%emt 0:15:39]} 16. a5 {[%emt 0:00:00]} Nd7 {[%emt 0:00:12]} 17. Ngf3 {[%emt 0:00:00]} Bxh4 {[%emt 0:04:12]} 18. Nxh4 {[%emt 0:00:00]} Qe7 {[%emt 0:02:45]} 19. Nhf3 {[%emt 0:00:00]} g5 {[%emt 0:00:56]} 20. Rfd1 {[%emt 0:00:00]} g4 {[%emt 0:01:26]} 21. Ne1 {[%emt 0:00:00]} Nc5 {[%emt 0:02:47]} 22. Bc4 {[%emt 0:00:00]} a6 {[%emt 0:07:41]} 23. Nf1 {[%emt 0:00:00]} Ne6 {[%emt 0:01:05]} 24. Rd5 {[%emt 0:00:00]} Ng5 {[%emt 0:00:13]} 25. Nd3 {[%emt 0:00:00]} Nhf7 {[%emt 0:04:28]} 26. Nb4 {[%emt 0:00:00]} Nd6 {[%emt 0:02:09]} 27. Nd2 {[%emt 0:00:00]} Be6 {[%emt 0:03:27]} 28. Rxe5 {[%emt 0:00:00]} Qf6 {[%emt 0:01:57]} 29. Rxe6 {[%emt 0:00:00]} Nxe6 {[%emt 0:00:08]} 30. e5 {[%emt 0:00:00]} f3 {[%emt 0:01:07]} 31. Qe1 {[%emt 0:00:00]} Qg7 {[%emt 0:00:28]} 32. Bxe6 {[%emt 0:00:00]} Nf5 {[%emt 0:00:35]} 33. Qe4 {[%emt 0:00:00]} Qg5 {[%emt 0:00:33]} 34. Nf1 {[%emt 0:01:50]} Rae8 {[%emt 0:00:25]} 35. Bxf5 {[%emt 0:01:37]} Rxf5 {[%emt 0:00:02]} 36. Nd3 {[%emt 0:01:39]} h5 {[%emt 0:00:55]} 37. e6 {[%emt 0:00:41]} Rf6 {[%emt 0:00:38]} 38. Re1 {[%emt 0:00:50]} h4 {[%emt 0:00:31]} 39. Qe5 {[%emt 0:01:09]} Qh6 {[%emt 0:00:15]} 40. e7 {[%emt 0:00:41]} Kg8 {[%emt 0:00:45]} 41. Qd5+ {[%emt 0:30:46]} Kh8 {[%emt 0:03:58]} 42. Re5 {[%emt 0:00:00]} Rd6 {[%emt 0:05:32]} 43. Qf7 {[%emt 0:00:00]} Qg6 {[%emt 0:00:23]} 44. Rh5+ {[%emt 0:00:00]} 1-0

[Event "SRB-ch Semifinal 2022"]
[Site "Paracin"]
[Date "2022.03.19"]
[Round "4.14"]
[White "Jurisic, Iskra"]
[Black "Chelushkina, Irina"]
[Result "0-1"]
[WhiteElo "1827"]
[BlackElo "2183"]
[Annotator "NA"]
[PlyCount "58"]
[EventDate "2022.03.17"]
[EventType "swiss"]
[EventCountry "SRB"]
[SourceTitle "playchess.com"]
[Source "ChessBase"]
[SourceQuality "1"]
[TimeControl "40/5400+30:1800+30"]

1. d4 {[%emt 0:00:07]} c5 {[%emt 0:00:14]} 2. d5 {[%emt 0:00:27]} e6 {[%emt 0:00:14]} 3. c4 {[%emt 0:02:27]} Nf6 {[%emt 0:00:23]} 4. Nc3 {[%emt 0:00:21]} exd5 {[%emt 0:00:05]} 5. cxd5 {[%emt 0:00:09]} d6 {[%emt 0:00:03]} 6. e4 {[%emt 0:00:58]} g6 {[%emt 0:00:12]} 7. Nf3 {[%emt 0:00:43]} Bg7 {[%emt 0:00:06]} 8. Be2 {[%emt 0:06:07]} O-O {[%emt 0:00:06]} 9. O-O {[%emt 0:00:22]} a6 {[%emt 0:00:09]} 10. a4 {[%emt 0:01:01]} Re8 {[%emt 0:01:25]} 11. Nd2 {[%emt 0:01:24]} Nbd7 {[%emt 0:01:16]} 12. f4 {[%emt 0:12:14]} c4 {[%emt 0:06:00]} 13. Bxc4 {[%emt 0:19:18]} Nc5 {[%emt 0:00:40]} 14. f5 {[%emt 0:06:41]} Ncxe4 {[%emt 0:16:39]} 15. fxg6 {[%emt 0:06:31]} fxg6 {[%emt 0:00:07]} 16. Ndxe4 {[%emt 0:02:55]} Nxe4 {[%emt 0:00:05]} 17. Nxe4 {[%emt 0:04:10]} Rxe4 {[%emt 0:00:45]} 18. Bd3 {[%emt 0:02:48]} Re8 {[%emt 0:05:41]} 19. Ra3 {[%emt 0:07:39]} Bd7 {[%emt 0:06:14]} 20. Kh1 {[%emt 0:02:21]} Be5 {[%emt 0:04:07]} 21. Bf4 {[%emt 0:01:14]} Bxf4 {[%emt 0:09:52]} 22. Rxf4 {[%emt 0:00:10]} Qg5 {[%emt 0:00:03]} 23. Rb4 {[%emt 0:03:08]} Bg4 {[%emt 0:02:16]} 24. Qg1 {[%emt 0:05:41]} Rac8 {[%emt 0:10:41]} 25. h3 {[%emt 0:03:33]} Rc1 {[%emt 0:03:01]} 26. Rxg4 {[%emt 0:03:23]} Rxg1+ {[%emt 0:00:05]} 27. Kxg1 {[%emt 0:00:04]} Qc1+ {[%emt 0:00:05]} 28. Kh2 {[%emt 0:01:00]} Re1 {[%emt 0:03:46]} 29. Bxg6 {[%emt 0:03:31]} Rh1+ {[%emt 0:00:10]} 0-1

[Event "SRB-ch Semifinal 2022"]
[Site "Paracin"]
[Date "2022.03.20"]
[Round "5.1"]
[White "Pap, Misa"]
[Black "Stankovic, Milos"]
[Result "1/2-1/2"]
[WhiteElo "2372"]
[BlackElo "2412"]
[Annotator "TA"]
[PlyCount "58"]
[EventDate "2022.03.17"]
[EventType "swiss"]
[EventCountry "SRB"]
[SourceTitle "playchess.com"]
[Source "ChessBase"]
[SourceQuality "1"]

{[%evp 22,58,0,0,0,0,6,0,0,0,5,0,0,8,6,0,4,6,9,2,0,3,7,7,0,3,3,0,0,0,0,0,0,0,0,0,0,0,0]} 1. e4 c5 2. c3 Nf6 3. e5 Nd5 4. Nf3 d6 5. d4 cxd4 6. cxd4 Nc6 7. Bc4 Nb6 8. Bb5 dxe5 9. Nxe5 Bd7 10. Nxd7 Qxd7 11. O-O e6 12. Nc3 {The position is equal.} Rd8 {B22: Sicilian: 2 c3.} 13. Be3 Be7 14. Qg4 O-O 15. Rad1 g6 16. d5 Nxd5 17. Bxa7 {[%cal Oa7b6] A strong pair of Bishops.} h5 18. Qf3 {[%cal Oa7b6]} Qc7 {To avoid Bb6} 19. Nxd5 Rxd5 20. Rxd5 exd5 21. Be3 Qe5 22. a4 Nd4 23. Bxd4 Qxd4 {[#]} 24. Rd1 $146 ({Predecessor:} 24. Re1 Bb4 25. Rd1 Qxb2 26. Rxd5 Rc8 27. Rd7 Rc1+ 28. Bf1 Qa2 29. g3 Qc4 30. Rd1 Rxd1 {½-½ (30) Bondi,A (2380)-Tucci,A (2437) ICCF email 2015}) 24... Qxb2 25. Rxd5 Rd8 26. Rxd8+ Bxd8 27. g3 Qc1+ 28. Kg2 Qc7 29. h4 Kg7 {An even fight not without its subleties.  Weighted Error Value: White=0.01 (flawless) /Black=0.01 (flawless)} 1/2-1/2

[Event "SRB-ch Semifinal 2022"]
[Site "Paracin"]
[Date "2022.03.20"]
[Round "5.2"]
[White "Radovanovic, Nikola"]
[Black "Budisavljevic, Luka"]
[Result "1/2-1/2"]
[WhiteElo "2413"]
[BlackElo "2511"]
[Annotator "TA"]
[PlyCount "62"]
[EventDate "2022.03.17"]
[EventType "swiss"]
[EventCountry "SRB"]
[SourceTitle "playchess.com"]
[Source "ChessBase"]
[SourceQuality "1"]

{[%evp 9,62,23,26,10,31,24,28,33,30,33,5,12,7,12,33,37,20,0,0,0,22,29,8,-9,0,0,0,0,0,-34,-45,-33,-39,-27,0,-219,-103,-272,-278,-235,0,0,0,0,62,45,50,60,58,39,104,53,45,9,16]} 1. e4 c5 2. Nf3 e6 3. d4 cxd4 4. Nxd4 Nc6 5. Nc3 Qc7 6. g4 {[#] B47: Sicilian: Taimanov: 5 Nc3 Qc7 6 f4, 6 g3 and 6 Be2.} Bc5 $146 ({Predecessor:} 6... h6 7. Be3 Nf6 8. f3 a6 9. Qd2 Ne5 10. f4 Nc4 11. Bxc4 Qxc4 12. e5 Nxg4 13. Rg1 Nxe3 14. Qxe3 {0-1 (31) Grandelius,N (2672)-Rapport,R (2763) Wijk aan Zee 2022}) 7. Nb3 Bb4 8. Bd2 {White has an edge.} Nge7 9. Nb5 Qe5 {[%csl LRb2,LRe4]} 10. f3 Bxd2+ 11. Qxd2 {Black must now prevent Nd6+.} d5 12. O-O-O O-O 13. Nc3 {[%cal Re4d5]} dxe4 $1 14. Nxe4 Nd5 15. Bc4 Nb6 16. Bd3 a5 $1 {Threatens to win with ...a4.} (16... Na4 17. c3 $14) 17. Qf2 Nd5 (17... Na4 18. c3 $14) 18. a4 Qf4+ 19. Kb1 (19. Qd2 $5 {[%cal Rd2f4]}) 19... Ne5 20. Nd4 Bd7 21. Nc5 Be8 22. Ncxe6 $2 {[#]} fxe6 (22... Nxd3 $1 $19 23. Nxf4 Nxf2 24. Nxd5 Nxh1 25. Rxh1 Rd8 26. Ne7+ Kh8) 23. Nxe6 $2 {[#]} (23. Bxh7+ $17 Kxh7 24. Nxe6) 23... Nxd3 $1 $19 24. Rxd3 {[%cal Bd1d3,Bd3d5,Bd5e5][%mdl 32]} Qf7 (24... Qc4 $19 {Strongly threatening ...Nb4.} 25. Nxf8 Nb4) 25. Ng5 $1 $11 ({Don't play} 25. Nxf8 Nb4 26. Ra3 Qxf8 $15) 25... Qg6 26. Rxd5 Bc6 (26... h6 $1 $11 27. Nh3 Bxa4) 27. Re5 $14 {And now Qd4 would win.} h6 $1 28. Ne6 ({Don't go for} 28. Ne4 $2 Bxe4 29. Qd2 (29. Rxe4 $2 Qxe4 30. Rd1 Rxf3 $19) 29... Bxf3 $19) 28... Rxf3 29. Qe2 Qf7 (29... Qxg4 $14 30. Re1 Kh8) 30. Re1 {White is more active.} ({White should play} 30. Rd1 $16) 30... Bxa4 {...Rf2 is the strong threat.} 31. Qc4 Bd7 {Weighted Error Value: White=0.29 (precise) /Black=0.20 (precise)} 1/2-1/2

[Event "SRB-ch Semifinal 2022"]
[Site "Paracin"]
[Date "2022.03.20"]
[Round "5.3"]
[White "Zajic, Milan"]
[Black "Arsovic, Zoran"]
[Result "1/2-1/2"]
[WhiteElo "2450"]
[BlackElo "2360"]
[Annotator "TA"]
[PlyCount "49"]
[EventDate "2022.03.17"]
[EventType "swiss"]
[EventCountry "SRB"]
[SourceTitle "playchess.com"]
[Source "ChessBase"]
[SourceQuality "1"]

{[%evp 18,49,15,0,0,0,4,10,17,7,85,18,32,0,0,-44,-21,-25,-24,-32,-14,-41,-30,-28,-31,-26,-17,-21,-19,-40,-68,-41,-20,-21]} 1. e4 c5 2. Nf3 e6 3. d4 cxd4 4. Nxd4 Nc6 5. Nc3 a6 6. f4 Qc7 7. Nxc6 bxc6 8. Bd3 d5 9. O-O Nf6 10. Qe2 Be7 {B46: Sicilian: Taimanov: 5 Nc3 a6.} 11. Bd2 O-O 12. Rae1 g6 13. Kh1 Bb7 (13... dxe4 $11 14. Nxe4 Nxe4 15. Bxe4 (15. Qxe4 Bf6 $11) 15... Bf6) 14. b3 ({Better is} 14. exd5 $16 cxd5 15. f5) 14... Rfe8 15. e5 {[#]} (15. f5 {feels hotter.} exf5 16. exf5 Bc5 17. Qf3 Rxe1 18. Bxe1 g5 19. Na4) 15... Nh5 $146 {[%cal Bf6h5,Bh5g7,Bg7f5,Bf5e3][%mdl 32]} ({Predecessor:} 15... Nd7 16. Na4 c5 17. c4 d4 18. Be4 a5 19. Nb2 Nb6 20. a4 Reb8 21. Bc2 Nc8 {½-½ (55) Quesada Perez,Y (2630)-Kacheishvili,G (2590) Saint Louis 2017}) 16. b4 (16. Nd1 $11 {should be considered.}) 16... c5 17. bxc5 Bxc5 18. Rb1 Ng7 19. Nd1 Nf5 20. Ne3 Nxe3 21. Bxe3 Bxe3 22. Qxe3 Bc6 {[%cal Oc6b5]} 23. Rb2 Bb5 24. Rfb1 Rec8 25. h3 {Weighted Error Value: White=0.19 (very precise) /Black=0.15 (very precise)} 1/2-1/2